<?xml version="1.0" encoding="UTF-8"?>
<record
    xmlns:xsi="http://www.w3.org/2001/XMLSchema-instance"
    xsi:schemaLocation="http://www.loc.gov/MARC21/slim http://www.loc.gov/standards/marcxml/schema/MARC21slim.xsd"
    xmlns="http://www.loc.gov/MARC21/slim">

  <leader>00478nam a2200181Ia 4500</leader>
  <controlfield tag="008">230612s9999    xx            000 0 und d</controlfield>
  <datafield tag="041" ind1=" " ind2=" ">
    <subfield code="a">eng</subfield>
  </datafield>
  <datafield tag="082" ind1=" " ind2=" ">
    <subfield code="a">519.40'24'62 ANT</subfield>
  </datafield>
  <datafield tag="100" ind1=" " ind2=" ">
    <subfield code="a">Antia H.M.</subfield>
    <subfield code="9">155539</subfield>
  </datafield>
  <datafield tag="245" ind1=" " ind2=" ">
    <subfield code="a">Numerical Methods For Scientists And Engineers</subfield>
  </datafield>
  <datafield tag="260" ind1=" " ind2=" ">
    <subfield code="c">1991</subfield>
    <subfield code="b">Tata Mc-graw Hill </subfield>
  </datafield>
  <datafield tag="300" ind1=" " ind2=" ">
    <subfield code="a">977</subfield>
  </datafield>
  <datafield tag="365" ind1=" " ind2=" ">
    <subfield code="c">Rs.</subfield>
    <subfield code="b">360.00</subfield>
  </datafield>
  <datafield tag="500" ind1=" " ind2=" ">
    <subfield code="a">D.</subfield>
  </datafield>
  <datafield tag="700" ind1=" " ind2=" ">
    <subfield code="a">Antia H.M.</subfield>
    <subfield code="9">155539</subfield>
  </datafield>
  <datafield tag="906" ind1=" " ind2=" ">
    <subfield code="d">B:24-Jul-1992</subfield>
    <subfield code="c">MATHS</subfield>
    <subfield code="b">54</subfield>
  </datafield>
  <datafield tag="999" ind1=" " ind2=" ">
    <subfield code="c">164908</subfield>
    <subfield code="d">164908</subfield>
  </datafield>
  <datafield tag="952" ind1=" " ind2=" ">
    <subfield code="0">0</subfield>
    <subfield code="1">0</subfield>
    <subfield code="4">0</subfield>
    <subfield code="7">0</subfield>
    <subfield code="a">CCEP</subfield>
    <subfield code="b">CCEP</subfield>
    <subfield code="d">1992-07-20</subfield>
    <subfield code="e">Varma Book Distributors</subfield>
    <subfield code="f">MATHS</subfield>
    <subfield code="g">306.00</subfield>
    <subfield code="i">9113</subfield>
    <subfield code="l">0</subfield>
    <subfield code="o">519.40'24'62 ANT</subfield>
    <subfield code="p">CCEP-BK-625</subfield>
    <subfield code="r">2023-06-12 00:00:00</subfield>
    <subfield code="t">54</subfield>
    <subfield code="v">360.00</subfield>
    <subfield code="w">1992-07-24</subfield>
    <subfield code="y">BK</subfield>
    <subfield code="z">000625</subfield>
  </datafield>
</record>
